[Event "AUTO-ELITE-975"]
[Site "http://www.queenalice.com/game.php?id=1058465"]
[Date "2012.5.11"]
[Round "1"]
[White "foudangereux"]
[Black "marolideus"]
[Result "1-0"]
[WhiteElo "2334"]
[BlackElo "2141"]

1. e4 c5 2. Nf3 d6 3. d4 cxd4 4. Nxd4 Nf6 5. Nc3 a6 6. Bg5 Nbd7 7. Qe2 h6 8. Bh4
e5 9. Nf5 g6 10. Ne3 Be7 11. O-O-O b5 12. f3 Kf8 13. Qd2 Bb7 14. Kb1 Kg7 15. a3
Qc7 16. Be2 Rad8 17. Bxf6+ Nxf6 18. h4 Qc5 19. g4 Rc8 20. Qc1 1-0

[Event "AUTO-ELITE-975"]
[Site "http://www.queenalice.com/game.php?id=1058466"]
[Date "2012.5.11"]
[Round "1"]
[White "marolideus"]
[Black "foudangereux"]
[Result "0-1"]
[WhiteElo "2148"]
[BlackElo "2327"]

1. e4 c5 2. Nf3 d6 3. d4 cxd4 4. Nxd4 Nf6 5. Nc3 a6 6. f4 e5 7. Nf3 Nbd7 8. a4
Be7 9. Bc4 O-O 10. Qe2 Qa5 11. O-O exf4 12. Bxf4 Ne5 13. Bb3 Bg4 14. Kh1 Rac8
15. Qe1 Qc7 16. Bg5 Qc5 17. Nh4 Qc7 18. Rxf6 Qd8 19. h3 Bd7 20. Nd5 Bxf6 21.
Bxf6 gxf6 22. Qd2 Kh8 0-1

[Event "Challenge"]
[Site "http://www.queenalice.com/game.php?id=1068039"]
[Date "2012.6.4"]
[Round "-"]
[White "leoskye"]
[Black "foudangereux"]
[Result "0-1"]
[WhiteElo "2094"]
[BlackElo "2342"]

1. d4 Nf6 2. c4 Nc6 3. Nf3 e6 4. g3 Bb4+ 5. Bd2 Qe7 6. a3 Bxd2+ 7. Nbxd2 a5 8.
Bg2 d6 9. O-O O-O 10. Rc1 e5 11. d5 Nb8 12. e4 Na6 13. Qc2 Bd7 14. h3 a4 15. Kh2
c6 16. Rfe1 Nc5 17. Ng1 Rfc8 18. Qb1 b5 19. dxc6 Bxc6 20. cxb5 Bxb5 21. Bf1 Rab8
22. f3 Qb7 23. b4 axb3 24. Nxb3 Bxf1 25. Rxf1 Qxb3 26. Qxb3 Rxb3 27. a4 Rb2+ 28.
Kh1 Nh5 0-1

[Event "AUTO-ELITE-975"]
[Site "http://www.queenalice.com/game.php?id=1068664"]
[Date "2012.6.6"]
[Round "2"]
[White "patoche"]
[Black "foudangereux"]
[Result "1-0"]
[WhiteElo "2430"]
[BlackElo "2334"]

1. e4 c5 2. Nf3 Nc6 3. d4 cxd4 4. Nxd4 e5 5. Nb5 a6 6. Nd6+ Bxd6 7. Qxd6 Qf6 8.
Qc7 d6 9. Be3 Nge7 10. Nc3 O-O 11. O-O-O Rd8 12. h4 Bg4 13. f3 Rd7 14. Qb6 Be6
15. Nd5 Nc8 16. Nxf6+ gxf6 17. Qb3 Bxb3 18. axb3 N8e7 19. g4 d5 20. exd5 Rxd5
21. Bd3 Rad8 22. Be4 R5d6 23. Rxd6 Rxd6 24. c3 a5 25. Rd1 Rxd1+ 26. Kxd1 Nc8 27.
h5 Nd8 28. Ke2 Nd6 29. Bb6 Ne6 30. Bc2 Nf4+ 31. Kd2 a4 32. Bc5 axb3 33. Bxb3 Nc8
34. h6 b6 35. Bb4 Ng6 36. Ke3 Nce7 37. Ke4 Kf8 38. Ba4 1-0

[Event "AUTO-ELITE-975"]
[Site "http://www.queenalice.com/game.php?id=1068665"]
[Date "2012.6.6"]
[Round "2"]
[White "foudangereux"]
[Black "patoche"]
[Result "1/2-1/2"]
[WhiteElo "2329"]
[BlackElo "2425"]

1. e4 Nc6 2. Nf3 f5 3. exf5 d5 4. Bb5 Bxf5 5. Ne5 Bd7 6. Qh5+ g6 7. Nxg6 Nf6 8.
Qh4 hxg6 9. Qxh8 Nb4 10. Bxd7+ Qxd7 11. Na3 Qe6+ 12. Kf1 Qa6+ 13. Ke1 Qe6+ 14.
Kf1 1/2-1/2

[Event "AUTO-ELITE-975"]
[Site "http://www.queenalice.com/game.php?id=1068668"]
[Date "2012.6.6"]
[Round "2"]
[White "foudangereux"]
[Black "stan"]
[Result "1/2-1/2"]
[WhiteElo "2332"]
[BlackElo "2389"]

1. e4 c6 2. d4 d5 3. e5 Bf5 4. Nc3 Qb6 5. Nf3 e6 6. Be2 Bg4 7. O-O Nd7 8. Na4
Qa5 9. b3 Bxf3 10. Bxf3 b5 11. Bd2 Bb4 12. c3 Ba3 13. c4 Bb4 14. Bxb4 Qxb4 15.
cxb5 cxb5 16. a3 Qe7 1/2-1/2

[Event "Challenge"]
[Site "http://www.queenalice.com/game.php?id=1070115"]
[Date "2012.6.9"]
[Round "-"]
[White "foudangereux"]
[Black "Zorro64"]
[Result "1-0"]
[WhiteElo "2341"]
[BlackElo "1964"]

1. e4 c5 2. Nf3 g6 3. d4 cxd4 4. Nxd4 Bg7 5. Nc3 Nc6 6. Be3 d6 7. Qd2 Nf6 8. f3
O-O 9. g4 Bxg4 10. fxg4 Nxg4 11. Nxc6 bxc6 12. Bc4 Ne5 13. Be2 e6 14. O-O-O d5
15. exd5 exd5 16. h4 f5 17. h5 Qf6 18. Bg5 Qf7 19. Rh4 Bf6 20. hxg6 hxg6 21.
Rdh1 Bg7 22. Qd4 1-0

[Event "Challenge"]
[Site "http://www.queenalice.com/game.php?id=1070962"]
[Date "2012.6.12"]
[Round "-"]
[White "hsea12"]
[Black "foudangereux"]
[Result "0-1"]
[WhiteElo "1653"]
[BlackElo "2353"]

1. e4 Nc6 2. d4 d5 3. e5 f6 4. Nf3 Bg4 5. exf6 Nxf6 6. h3 Bxf3 7. gxf3 e5 8. Bb5
exd4 9. Qxd4 Kf7 10. Qc3 Bb4 11. Bg5 Re8+ 12. Kd1 Bxc3 13. Nxc3 d4 14. Ne4 Qd5
15. c4 dxc3+ 16. Kc2 Nd4+ 0-1

[Event "Let's Play Chess!"]
[Site "http://www.queenalice.com/game.php?id=1075722"]
[Date "2012.6.24"]
[Round "-"]
[White "rotwein"]
[Black "foudangereux"]
[Result "0-1"]
[WhiteElo "2143"]
[BlackElo "2366"]

1. e4 Nc6 2. Nf3 f5 3. exf5 d5 4. Bb5 Bxf5 5. Ne5 Bd7 6. Qh5+ g6 7. Nxg6 Nf6 8.
Qh4 hxg6 9. Qxh8 Nb4 10. Bd3 Nxd3+ 11. cxd3 Bf5 12. O-O Qd6 13. Nc3 O-O-O 14. d4
Ng4 15. Qh4 Bg7 16. Qg3 Qxg3 17. hxg3 Bd3 18. Re1 Bxd4 19. Nd1 Rf8 20. Ne3 Rxf2
0-1

[Event "Let's Play Chess!"]
[Site "http://www.queenalice.com/game.php?id=1075723"]
[Date "2012.6.24"]
[Round "-"]
[White "foudangereux"]
[Black "rotwein"]
[Result "1-0"]
[WhiteElo "2360"]
[BlackElo "2121"]

1. e4 e6 2. Nf3 d5 3. e5 c5 4. b4 cxb4 5. a3 Nc6 6. axb4 Bxb4 7. c3 Be7 8. d4
Nh6 9. Bxh6 gxh6 10. Bd3 Bd7 11. Qd2 Bg5 12. Qe2 Qc7 13. O-O O-O-O 14. Na3 Na5
15. c4 dxc4 16. Nxc4 Nxc4 17. Nxg5 hxg5 18. Rfc1 Kb8 19. Rxc4 Qb6 20. Rb1 Qa5
21. Rc5 Qa3 22. Qe4 b6 23. Be2 Rc8 24. Bf3 1-0

[Event "Challenge"]
[Site "http://www.queenalice.com/game.php?id=1078508"]
[Date "2012.7.2"]
[Round "-"]
[White "jjjcarvalho"]
[Black "foudangereux"]
[Result "0-1"]
[WhiteElo "1625"]
[BlackElo "2391"]

1. e4 e5 2. Nf3 Nc6 3. Bc4 Nf6 4. d3 h6 5. Be3 d5 6. exd5 Nxd5 7. Qd2 Bb4 8. c3
Be7 9. Bxd5 Qxd5 10. O-O Bf5 11. Rd1 O-O-O 12. h3 Bxd3 13. Ne1 e4 14. Nxd3 exd3
15. Qe1 Rhe8 16. b3 f5 17. Qd2 g5 18. c4 Qe5 19. Nc3 Bd6 20. Qxd3 Qh2+ 21. Kf1
f4 22. Ke2 Rxe3+ 23. fxe3 f3+ 24. Kxf3 g4+ 25. hxg4 Rf8+ 26. Qf5+ Rxf5+ 27. gxf5
Qg3+ 28. Ke2 Qxg2+ 29. Kd3 Ne5+ 30. Kd4 c5# 0-1

[Event "AUTO-MASTER-1627"]
[Site "http://www.queenalice.com/game.php?id=1082592"]
[Date "2012.7.14"]
[Round "2"]
[White "Pagano"]
[Black "foudangereux"]
[Result "0-1"]
[WhiteElo "1974"]
[BlackElo "2390"]

1. e4 Nc6 2. d4 d5 3. e5 f6 4. Bb5 Bf5 5. c4 fxe5 6. dxe5 e6 7. Nf3 Bb4+ 8. Bd2
Bxd2+ 9. Qxd2 Ne7 10. cxd5 Qxd5 11. Qxd5 exd5 12. Nd4 O-O 13. Nxc6 bxc6 14. Ba4
Ng6 15. Bxc6 Rad8 16. Nc3 d4 17. Nd5 Nxe5 18. Ne7+ Kh8 19. Nxf5 Nxc6 20. Ng3
Rde8+ 21. Kf1 Nb4 22. f3 c5 23. Rc1 Nd3 24. Rd1 Nxb2 25. Rd2 Nc4 26. Re2 Rb8 27.
Kf2 d3 0-1

[Event "AUTO-MASTER-1627"]
[Site "http://www.queenalice.com/game.php?id=1082593"]
[Date "2012.7.14"]
[Round "2"]
[White "foudangereux"]
[Black "Pagano"]
[Result "1-0"]
[WhiteElo "2389"]
[BlackElo "1995"]

1. e4 c6 2. Nc3 d5 3. Qf3 d4 4. Bc4 Nf6 5. e5 dxc3 6. exf6 cxd2+ 7. Bxd2 exf6 8.
O-O-O Nd7 9. Nh3 Be7 10. Bxf7+ Kxf7 11. Ng5+ Kg8 12. Qb3+ 1-0

[Event "AUTO-MASTER-1627"]
[Site "http://www.queenalice.com/game.php?id=1082594"]
[Date "2012.7.14"]
[Round "2"]
[White "strutz"]
[Black "foudangereux"]
[Result "0-1"]
[WhiteElo "2267"]
[BlackElo "2380"]

1. e4 e5 2. Nf3 Nc6 3. d4 exd4 4. Nxd4 Nf6 5. Nxc6 bxc6 6. e5 Qe7 7. Qe2 Nd5 8.
c4 Ba6 9. Nd2 O-O-O 10. Qe4 Nb6 11. c5 Bxf1 12. cxb6 Ba6 13. bxa7 Kb7 14. Nb3
Re8 15. Be3 Qb4+ 16. Qxb4+ Bxb4+ 17. Kd1 Rxe5 18. Kc2 Bd6 19. Bd4 Rf5 20. g4 Rd5
21. Rad1 Be2 22. Rd2 Bxg4 23. Rg1 Bf5+ 24. Kc3 Rb5 25. a3 Be6 26. Nc1 c5 27.
Bxg7 Rg8 28. Ne2 Rxg7 0-1

[Event "AUTO-MASTER-1627"]
[Site "http://www.queenalice.com/game.php?id=1082595"]
[Date "2012.7.14"]
[Round "2"]
[White "foudangereux"]
[Black "strutz"]
[Result "1-0"]
[WhiteElo "2371"]
[BlackElo "2263"]

1. e4 Nf6 2. e5 Nd5 3. c4 Nb6 4. d4 d6 5. exd6 cxd6 6. a4 a5 7. Nc3 g6 8. Be3
Bg7 9. Nf3 O-O 10. Be2 Na6 11. O-O Nb4 12. Na2 Nxa2 13. Rxa2 h6 14. Re1 d5 15.
c5 Nc4 16. Bf4 1-0

[Event "AUTO-ELITE-1060"]
[Site "http://www.queenalice.com/game.php?id=1110189"]
[Date "2012.10.7"]
[Round "1"]
[White "patoche"]
[Black "foudangereux"]
[Result "1-0"]
[WhiteElo "2431"]
[BlackElo "2392"]

1. e4 c6 2. Nc3 d5 3. Qf3 d4 4. Bc4 Nf6 5. e5 dxc3 6. exf6 cxb2 7. Bxf7+ Kd7 8.
Bxb2 gxf6 9. Ne2 e5 10. d4 Qe7 11. Bb3 Kc7 12. Rd1 Nd7 13. dxe5 fxe5 14. Ng3 Nf6
15. h3 Bd7 16. O-O 1-0

[Event "AUTO-ELITE-1060"]
[Site "http://www.queenalice.com/game.php?id=1110190"]
[Date "2012.10.7"]
[Round "1"]
[White "foudangereux"]
[Black "patoche"]
[Result "0-1"]
[WhiteElo "2381"]
[BlackElo "2439"]

1. e4 Nc6 2. Nf3 f5 3. exf5 d5 4. Nh4 Nh6 5. Qh5+ Nf7 6. Bb5 g6 7. Qg4 gxf5 8.
Qh5 e6 9. d4 Bg7 10. c3 O-O 11. Bxc6 bxc6 12. O-O e5 13. Nxf5 Bxf5 14. Qxf5 exd4
15. cxd4 Bxd4 16. Nc3 Qf6 17. Qxf6 Bxf6 18. Bf4 Rab8 0-1

[Event "AUTO-ELITE-1060"]
[Site "http://www.queenalice.com/game.php?id=1110195"]
[Date "2012.10.7"]
[Round "1"]
[White "Vonkinho"]
[Black "foudangereux"]
[Result "0-1"]
[WhiteElo "2219"]
[BlackElo "2395"]

1. d4 Nf6 2. c4 e6 3. Nf3 d5 4. Nc3 Bb4 5. Bg5 h6 6. Bxf6 Qxf6 7. e3 O-O 8. Rc1
Nc6 9. Bd3 dxc4 10. Bxc4 e5 11. d5 Bxc3+ 12. Rxc3 Rd8 13. Qa4 Ne7 14. e4 c6 15.
dxc6 Nxc6 16. O-O Bd7 17. Qa3 Be6 18. Qc5 Nd4 19. Nxd4 Rxd4 20. Bd5 Bxd5 21.
exd5 b6 22. Qc6 Qd8 23. d6 Rxd6 24. Qe4 f6 25. h3 Rc8 26. Rg3 Qd7 27. Qg6 f5 28.
Qh5 e4 29. Rb3 Rc2 30. g4 Rd5 31. g5 f4 32. h4 Rd6 33. Re1 g6 34. Qxh6 Qg4+ 0-1

[Event "AUTO-ELITE-1060"]
[Site "http://www.queenalice.com/game.php?id=1110196"]
[Date "2012.10.7"]
[Round "1"]
[White "foudangereux"]
[Black "Vonkinho"]
[Result "1-0"]
[WhiteElo "2377"]
[BlackElo "2251"]

1. e4 e5 2. Nf3 Nf6 3. d4 exd4 4. e5 Ne4 5. Qxd4 d5 6. exd6 Nxd6 7. Nc3 Nc6 8.
Qf4 Nf5 9. Bd2 Bd6 10. Qe4+ Qe7 11. O-O-O O-O 12. Bb5 Qxe4 13. Nxe4 Be6 14. Nxd6
Nxd6 15. Bxc6 bxc6 16. Nd4 Bd5 17. f3 c5 18. Ne2 Rfe8 19. Nf4 Bc4 20. b3 Be6 21.
Ba5 Nb5 22. Rhe1 Bf5 23. Rxe8+ Rxe8 24. Rd5 Nd4 25. c3 1-0

[Event "AUTO-MASTER-1648"]
[Site "http://www.queenalice.com/game.php?id=1119907"]
[Date "2012.11.7"]
[Round "2"]
[White "foudangereux"]
[Black "gaspard"]
[Result "1-0"]
[WhiteElo "2368"]
[BlackElo "2279"]

1. d4 Nf6 2. Bg5 c5 3. Bxf6 gxf6 4. dxc5 Qa5+ 5. Nc3 Qxc5 6. e4 Nc6 7. Qd3 d6 8.
Nd5 Kd8 9. Nf3 a6 10. b4 Qa7 11. c4 Be6 12. Rb1 a5 13. b5 Bxd5 14. cxd5 Ne5 15.
Nxe5 dxe5 16. b6 1-0

[Event "AUTO-MASTER-1648"]
[Site "http://www.queenalice.com/game.php?id=1119909"]
[Date "2012.11.7"]
[Round "2"]
[White "foudangereux"]
[Black "luciopac"]
[Result "1-0"]
[WhiteElo "2385"]
[BlackElo "2155"]

1. e4 e5 2. Bc4 Nc6 3. Nf3 Be7 4. d4 d6 5. d5 Nb8 6. O-O Nf6 7. Nc3 O-O 8. Qe2
Nbd7 9. h3 a5 10. Be3 Ne8 11. Bb5 f5 12. exf5 Rxf5 13. Rae1 Nb6 14. Nd2 Bg5 15.
Bxg5 Rxg5 16. f4 Rg6 17. Bd3 Rf6 18. fxe5 Rxf1+ 19. Rxf1 dxe5 20. Qh5 Nf6 21.
Rxf6 Qxf6 22. Qe8+ 1-0

[Event "AUTO-MASTER-1648"]
[Site "http://www.queenalice.com/game.php?id=1119910"]
[Date "2012.11.7"]
[Round "2"]
[White "luciopac"]
[Black "foudangereux"]
[Result "0-1"]
[WhiteElo "2150"]
[BlackElo "2390"]

1. e4 Nc6 2. d4 d5 3. e5 f6 4. f4 Nh6 5. Nf3 Bg4 6. c3 Qd7 7. Bb5 a6 8. Qa4 Bxf3
9. gxf3 e6 10. Rg1 Nf5 11. Na3 Be7 12. Bd3 O-O 13. Rg4 fxe5 14. fxe5 h5 15. Bxf5
Rxf5 16. Rf4 Rxf4 17. Bxf4 Bxa3 18. bxa3 Qf7 0-1